| Tag |
First Indicator |
Second Indicator |
Subfields |
| LEADER |
00000cam a2200000 i 4500 |
| 001 |
in00000097280 |
| 005 |
20150925114644.0 |
| 008 |
780911s1977 ohu 00110 eng d |
| 010 |
|
|
|a 77093427
|
| 035 |
|
|
|a (OCoLC)04215167
|
| 035 |
|
|
|9 AAL2736AM
|
| 040 |
|
|
|a ABC
|c ABC
|d TXA
|d UtOrBLW
|
| 049 |
|
|
|a TXAM
|c [1558443]
|
| 090 |
|
|
|a PS3557.I34225
|b A8
|
| 100 |
1 |
|
|a Gilbert, Richard Charles.
|
| 245 |
1 |
0 |
|a As it is, love /
|c [Richard Charles Gilbert].
|
| 264 |
|
1 |
|a Cincinnati :
|b Central Pub. Co.,
|c [1977]
|
| 264 |
|
4 |
|c ©1977
|
| 300 |
|
|
|a 52 pages ;
|c 22 cm.
|
| 336 |
|
|
|a text
|b txt
|2 rdacontent
|
| 337 |
|
|
|a unmediated
|b n
|2 rdamedia
|
| 338 |
|
|
|a volume
|b nc
|2 rdacarrier
|
| 500 |
|
|
|a Poems.
|
| 500 |
|
|
|a Includes index.
|
| 999 |
|
|
|a MARS
|
| 999 |
f |
f |
|s 304d55b6-1862-3d6c-8cda-ec36c40ad3a4
|i a24a5245-2f2f-3dac-91c8-bd9f41b2d9e3
|t 0
|
| 952 |
f |
f |
|p ric
|a Texas A&M University
|b Rellis Campus
|c Joint Library Facility
|d Remote Storage
|t 0
|e PS3557.I34225 A8
|h Library of Congress classification
|i unmediated -- volume
|m A14804123166
|
| 998 |
f |
f |
|a PS3557.I34225 A8
|t 0
|l Remote Storage
|